000 00604cam a22001814a 4500
005 20250605164357.0
008 250528s ||||||||||||||||||||||||d
035 _a24386
040 _aGR-AtMCL
_bgre
_dGR-AtMCL
_eAACR2
245 1 _aAramco World
260 _bAramco Services Company,
_c2015
300 _a48
520 _aAn Irish Tale of Hunger and the Sultan, Djerba's Museum of the Street, Luxor's First Local Lens, The Blues of Arabia, Travellers of Al-Andalus - Part 1: The Travel Writer Ibn Jubayr.
700 1 _aAmudi Nabeel M.
_99457
942 _cCR
999 _c9274
_d9274